000 00584nam a2200241 a 4500
001 nice12345678
003 IN_TiNIC
005 20260116013251.0
008 050524s1997 newa grp 000 0 eng
020 _a8170951
_c425
082 0 0 _a954.04
_bNAN
100 _aNanda, Ravi
245 _aFinal Irony
260 _aNew Delhi
_bLancers Book
_c1997
300 _a420p
500 _aincludes index and biblioraphy
505 2 _aGlossary, Bibliography, Index
650 _aIndia-History
700 1 _aNanda, Ravi
902 _bSRS
942 _cBK
999 _c10327
_d10327